000 00581nam a22001697a 4500
005 20251108165301.0
008 250721s1981 xx 000 0 ara d
082 1 4 _a956.94/نصا
100 1 _aغليمة، نصار
245 1 0 _aسيطرة إسرائيل على الولايات المتحدة الأميركية /
264 1 _aبيروت :
_bالمؤسسة الجامعية للدراسات و النشر و التوزيع،
_c1981.
300 _a367ص
650 1 7 _aالصهيونية
650 1 7 _aاليهود الأميركيون
942 _2ddc
_cBK
999 _c24088
_d24088